000 00475nam a2200145Ia 4500
005 20241008040852.0
008 240331s9999 xx 000 0 und d
082 _bGOO
_a820
100 _aGoonewardene, J
245 4 _aThe tribal hangover
260 _aNew Delhi
_bPenguin Books India ( Pvt) Ltd
_c1995
300 _a241 p .,
500 _aThe Tribal Hangover is the story of Harindra d' Richter and of his attempt at unravelling the mystery surrounding his birth
942 _cL
999 _c3170
_d3170